| 000 | 00455nam a2200169Ia 4500 | ||
|---|---|---|---|
| 005 | 20250423101307.0 | ||
| 008 | 250422s9999 xx 000 0 und d | ||
| 020 | _a0- 8092- 2427- 5 | ||
| 050 | _aRM 22.2 .H256/ | ||
| 100 | _aCheryle R. Hart | ||
| 245 | 4 | _aThe insulin- resistance diet: how to turn off your body's fat- making machine | |
| 260 | _bContemporary books | ||
| 260 | _c2001 | ||
| 300 | _a223 p | ||
| 650 | _aReducing diets | ||
| 942 | _cBK | ||
| 999 |
_c35882 _d35882 |
||